Freedom or fraud of the press / (Record no. 126520)
[ view plain ]
| 000 -LEADER | |
|---|---|
| fixed length control field | 00574nam a22002177a 4500 |
| 005 - DATE AND TIME OF LATEST TRANSACTION | |
| control field | 20170124110011.0 |
| 010 ## - LIBRARY OF CONGRESS CONTROL NUMBER | |
| LC control number | 709469 |
| 020 ## - INTERNATIONAL STANDARD BOOK NUMBER | |
| Terms of availability | 00.00 |
| 035 ## - SYSTEM CONTROL NUMBER | |
| System control number | 709469 |
| 037 ## - SOURCE OF ACQUISITION | |
| Source of stock number/acquisition | Cen Lib/Ret |
| 040 ## - CATALOGING SOURCE | |
| Original cataloging agency | DPL |
| Language of cataloging | EN |
| 082 ## - DEWEY DECIMAL CLASSIFICATION NUMBER | |
| Classification number | 070.1 |
| Item number | GHO |
| 100 ## - MAIN ENTRY--PERSONAL NAME | |
| Personal name | Ghosh, Kedar |
| 9 (RLIN) | 17740 |
| 245 ## - TITLE STATEMENT | |
| Title | Freedom or fraud of the press / |
| Statement of responsibility, etc | by Kedar Ghosh |
| 260 ## - PUBLICATION, DISTRIBUTION, ETC. (IMPRINT) | |
| Place of publication, distribution, etc | Delhi |
| Name of publisher, distributor, etc | Rup & co |
| Date of publication, distribution, etc | 1973 |
| 270 ## - ADDRESS | |
| City | Delhi |
| Address | pataudi house road |
| 300 ## - PHYSICAL DESCRIPTION | |
| Extent | vii,126p. |
| Dimensions | 21cm(Hb) |
| 650 ## - SUBJECT ADDED ENTRY--TOPICAL TERM | |
| Topical term or geographic name as entry element | Journalism |
| 9 (RLIN) | 85332 |
| 650 ## - SUBJECT ADDED ENTRY--TOPICAL TERM | |
| Topical term or geographic name as entry element | Press |
| 9 (RLIN) | 17742 |
| 942 ## - ADDED ENTRY ELEMENTS (KOHA) | |
| Source of classification or shelving scheme | Dewey Decimal Classification |
| Koha item type | English Books |
| Classification part | 070.1 |
| Call number suffix | GHO |
| Withdrawn status | Lost status | Damaged status | Not for loan | Home library | Current library | Date acquired | Source of acquisition | Cost, normal purchase price | Total Checkouts | Full call number | Barcode | Date last seen | Copy number | Cost, replacement price | Price effective from | Koha item type | Public note |
|---|---|---|---|---|---|---|---|---|---|---|---|---|---|---|---|---|---|
| Written off | Central Library | Central Library | 25/06/2015 | Cen Lib/Ret | 0.00 | 070.1 GHO | 709469 | 25/06/2015 | 1 | 0.00 | 25/06/2015 | English Books | W/d list no. 6801/2 |
